<?xml version="1.0" encoding="UTF-8"?>
<record
    xmlns:xsi="http://www.w3.org/2001/XMLSchema-instance"
    xsi:schemaLocation="http://www.loc.gov/MARC21/slim http://www.loc.gov/standards/marcxml/schema/MARC21slim.xsd"
    xmlns="http://www.loc.gov/MARC21/slim">

  <leader>01654nam a22002057a 4500</leader>
  <controlfield tag="008">120529t        xxu||||| |||| 00| 0 eng d</controlfield>
  <datafield tag="020" ind1=" " ind2=" ">
    <subfield code="a">0273674307</subfield>
  </datafield>
  <datafield tag="050" ind1=" " ind2=" ">
    <subfield code="a">HF5549.S8</subfield>
  </datafield>
  <datafield tag="100" ind1=" " ind2=" ">
    <subfield code="a">Leopold, John</subfield>
  </datafield>
  <datafield tag="245" ind1=" " ind2=" ">
    <subfield code="a">The strategic managing of human resources. /</subfield>
    <subfield code="c">John, Leopold</subfield>
  </datafield>
  <datafield tag="260" ind1=" " ind2=" ">
    <subfield code="a">Boston:</subfield>
    <subfield code="b">Boston,</subfield>
    <subfield code="c">2005.</subfield>
  </datafield>
  <datafield tag="300" ind1=" " ind2=" ">
    <subfield code="a">xxxiv, 545 p.:</subfield>
    <subfield code="b">ill.;</subfield>
    <subfield code="c">24cm</subfield>
  </datafield>
  <datafield tag="500" ind1=" " ind2=" ">
    <subfield code="a">Includes index.</subfield>
  </datafield>
  <datafield tag="505" ind1=" " ind2=" ">
    <subfield code="a">Contents: Managing strategic human resourcing in a  complex and uncertain organisational, social and economic context -- Organisations, strategies and human resourcing --  Managing uncertainty or managing uncertainly -- Employment law and human resourcing strategies -- Ethics and strategic human resourcing -- Human resourcing policies -- From equal opportunities to diversity management -- Assessment, selection and evaluation -- Performance management and performing management -- Reward strategies and paying for contribution -- Parting company : the strategic responsibility of exit management -- Human resourcing in international organaisations -- Managing change and developing capability -- Knowledge organaisations, strategies and human resourcing -- Managing processes of human resource development -- Developing managers and managerial capabilities -- Managing employment and other human resourcing relationships -- Strategic choice in patterns of employment relationships -- Employee participation, involvoment and communications -- Managing consulting and consultancy relationships. </subfield>
  </datafield>
  <datafield tag="650" ind1=" " ind2=" ">
    <subfield code="a">Personnel management. </subfield>
  </datafield>
  <datafield tag="650" ind1=" " ind2=" ">
    <subfield code="a">Strategic planning. </subfield>
  </datafield>
  <datafield tag="700" ind1=" " ind2=" ">
    <subfield code="a">Harris, Lynette</subfield>
  </datafield>
  <datafield tag="700" ind1=" " ind2=" ">
    <subfield code="a">Waston, Tony</subfield>
  </datafield>
  <datafield tag="942" ind1=" " ind2=" ">
    <subfield code="2">lcc</subfield>
    <subfield code="c">BK</subfield>
  </datafield>
  <datafield tag="999" ind1=" " ind2=" ">
    <subfield code="c">998</subfield>
    <subfield code="d">8498</subfield>
  </datafield>
  <datafield tag="952" ind1=" " ind2=" ">
    <subfield code="0">0</subfield>
    <subfield code="1">0</subfield>
    <subfield code="2">lcc</subfield>
    <subfield code="4">0</subfield>
    <subfield code="7">0</subfield>
    <subfield code="a">WIUC-1</subfield>
    <subfield code="b">WIUC-1</subfield>
    <subfield code="c">GEN</subfield>
    <subfield code="d">2012-05-29</subfield>
    <subfield code="l">0</subfield>
    <subfield code="o">HF5549.S8</subfield>
    <subfield code="p">2639/12</subfield>
    <subfield code="r">2012-05-29 00:00:00</subfield>
    <subfield code="t">1</subfield>
    <subfield code="w">2012-05-29</subfield>
    <subfield code="y">BK</subfield>
  </datafield>
  <datafield tag="952" ind1=" " ind2=" ">
    <subfield code="0">0</subfield>
    <subfield code="1">0</subfield>
    <subfield code="2">lcc</subfield>
    <subfield code="4">0</subfield>
    <subfield code="7">0</subfield>
    <subfield code="a">WIUC-1</subfield>
    <subfield code="b">WIUC-1</subfield>
    <subfield code="c">GEN</subfield>
    <subfield code="d">2012-05-29</subfield>
    <subfield code="l">0</subfield>
    <subfield code="o">HF5549.S81</subfield>
    <subfield code="p">2640/12</subfield>
    <subfield code="r">2012-05-29 00:00:00</subfield>
    <subfield code="t">2</subfield>
    <subfield code="w">2012-05-29</subfield>
    <subfield code="y">BK</subfield>
  </datafield>
  <datafield tag="952" ind1=" " ind2=" ">
    <subfield code="0">0</subfield>
    <subfield code="1">0</subfield>
    <subfield code="2">lcc</subfield>
    <subfield code="4">0</subfield>
    <subfield code="7">0</subfield>
    <subfield code="a">WIUC-1</subfield>
    <subfield code="b">WIUC-1</subfield>
    <subfield code="c">GEN</subfield>
    <subfield code="d">2012-05-29</subfield>
    <subfield code="l">0</subfield>
    <subfield code="o">HF5549.S82</subfield>
    <subfield code="p">2641/12</subfield>
    <subfield code="r">2012-05-29 00:00:00</subfield>
    <subfield code="t">3</subfield>
    <subfield code="w">2012-05-29</subfield>
    <subfield code="y">BK</subfield>
  </datafield>
</record>
